| 000 | 00854nam a2200301Ia 4500 | ||
|---|---|---|---|
| 001 | 10506 | ||
| 005 | 20240113235224.0 | ||
| 007 | ta | ||
| 008 | 050803s1969 a g b000 u eng u | ||
| 040 | _aCotton College,Assam | ||
| 041 | _aeng | ||
| 082 |
_a350.954 _bSa 14 St |
||
| 100 | _aSachdeva, D.R. . | ||
| 245 | 0 |
_aStudies in Indian Administration / _cD.R. Sachdeva, B.D. Dua. _hTextual Documents |
|
| 250 | _a1st ed. / | ||
| 260 |
_aAllahabad : _bKitab mahal , _c1969. |
||
| 300 |
_aiv, 504p. : _bill ; _c22cm . |
||
| 653 | _aPublic administration-India | ||
| 653 | _aIndian administration | ||
| 653 | _aAdministration-India | ||
| 653 | _aPolitical Science-Indian Administration | ||
| 653 | _aMS-Political Science | ||
| 700 | _aDua, B.D. . | ||
| 942 |
_2ddc _cBK |
||
| 999 |
_c10493 _d10493 |
||